Blink-182 Songs by Play # on Spotify - Statistics

General Stats
  • This quiz has been taken 68 times
  • The average score is 5 of 10
Answer Stats
Listens Song % Correct
817,169,573 All The Small Things
100%
610,178,863 I Miss You
82%
535,155,209 What's My Age Again?
82%
332,260,368 First Date
68%
248,118,360 Adam's Song
52%
224,124,369 Dammit
52%
184,037,984 The Rock Show
48%
141,352,875 Feeling This
32%
146,052,517 Bored To Death
20%
118,093,337 She's Out Of Her Mind
13%
No matching quizzes found
Score Distribution
Percent of People with Each Score
Percentile by Number Answered
Your Score History
You have not taken this quiz